Deutsche Städte mit D - Statistiken

Allgemein
  • Dieses Quiz wurde 99 mal gespielt
  • Das Durchschnittsergebnis liegt bei 28 aus 68
Antwortstatistiken
Einwohnerzahl Bundesland Regierungsbezirk (Land-)kreis Verbandsgemeinde / Verwaltungsgemeinschaft / Amt / Samtgemeinde Stadt % Korrekt
631.217 Nordrhein-Westfalen Düsseldorf - - Düsseldorf
99%
164.792 Hessen Darmstadt - - Darmstadt
97%
595.471 Nordrhein-Westfalen Arnsberg - - Dortmund
96%
93.323 Nordrhein-Westfalen Köln Düren - Düren
95%
503.707 Nordrhein-Westfalen Düsseldorf - - Duisburg
93%
566.222 Sachsen - - - Dresden
92%
74.835 Nordrhein-Westfalen Detmold Lippe - Detmold
88%
48.337 Bayern Oberbayern Dachau - Dachau
87%
19.941 Saarland - Saarlouis - Dillingen/Saar
78%
35.757 Bayern Niederbayern Deggendorf - Deggendorf
76%
20.070 Bayern Schwaben Dillingen an der Donau - Dillingen an der Donau
75%
17.608 Niedersachsen - Diepholz - Diepholz
71%
4.532 Rheinland-Pfalz - Südwestpfalz Dahner Felsenland Dahn
70%
20.927 Bayern Niederbayern Dingolfing-Landau - Dingolfing
70%
79.686 Sachsen-Anhalt - - - Dessau-Roßlau
64%
3.772 Rheinland-Pfalz - Bad Dürkheim Deidesheim Deidesheim
63%
8.179 Rheinland-Pfalz - Vulkaneifel Daun Daun
62%
15.723 Hessen Darmstadt Darmstadt-Dieburg - Dieburg
62%
3.118 Brandenburg - Spree-Neiße Döbern-Land Döbern
62%
2.319 Sachsen - Nordsachsen Dommitzsch Dommitzsch
59%
5.977 Rheinland-Pfalz - Neuwied Dierdorf Dierdorf
58%
11.211 Rheinland-Pfalz - Rhein-Lahn-Kreis Diez Diez
58%
4.381 Niedersachsen - Göttingen Dransfeld Dransfeld
58%
4.863 Brandenburg - Teltow-Fläming Dahme/Mark Dahme/Mark
57%
78.979 Niedersachsen - - - Delmenhorst
57%
6.303 Sachsen - Sächsische Schweiz-Osterzgebirge Dohna-Müglitztal Dohna
57%
2.981 Mecklenburg-Vorpommern - Ludwigslust-Parchim Dömitz-Malliß Dömitz
57%
76.842 Nordrhein-Westfalen Münster Recklinghausen - Dorsten
55%
4.225 Rheinland-Pfalz - Altenkirchen (Westerwald) Daaden-Herdorf Daaden
54%
67.949 Nordrhein-Westfalen Düsseldorf Wesel - Dinslaken
51%
22.431 Baden-Württemberg Freiburg Schwarzwald-Baar-Kreis - Donaueschingen
51%
20.108 Bayern Schwaben Donau-Ries - Donauwörth
49%
65.170 Nordrhein-Westfalen Düsseldorf Rhein-Kreis Neuss - Dormagen
49%
5.298 Thüringen - Saale-Holzland-Kreis Dornburg-Camburg Dornburg-Camburg
49%
8.316 Niedersachsen - Lüchow-Dannenberg Elbtalaue Dannenberg (Elbe)
39%
23.763 Sachsen - Mittelsachsen - Döbeln
36%
35.200 Nordrhein-Westfalen Münster Recklinghausen - Datteln
33%
42.389 Hessen Darmstadt Offenbach - Dreieich
33%
12.272 Bayern Mittelfranken Ansbach - Dinkelsbühl
32%
47.937 Nordrhein-Westfalen Münster Coesfeld - Dülmen
32%
23.533 Hessen Gießen Lahn-Dill-Kreis - Dillenburg
30%
25.341 Sachsen - Nordsachsen - Delitzsch
26%
17.686 Niedersachsen - Vechta - Damme (Dümmer)
24%
35.268 Hessen Darmstadt Offenbach - Dietzenbach
24%
20.320 Niedersachsen - Göttingen - Duderstadt
24%
25.145 Baden-Württemberg Stuttgart Ludwigsburg - Ditzingen
21%
32.874 Nordrhein-Westfalen Detmold Paderborn - Delbrück
18%
10.395 Mecklenburg-Vorpommern - Mecklenburgische Seenplatte Hansestadt Demmin
16%
15.865 Nordrhein-Westfalen Münster Warendorf - Drensteinfurt
12%
9.754 Niedersachsen - Northeim - Dassel
11%
14.174 Sachsen - Sächsische Schweiz-Osterzgebirge - Dippoldiswalde
11%
15.176 Bayern Oberbayern Erding - Dorfen
11%
4.201 Sachsen - Nordsachsen - Dahlen (Sachsen)
9%
13.468 Niedersachsen - Vechta - Dinklage
9%
5.360 Hessen Kassel Waldeck-Frankenberg - Diemelstadt
7%
10.730 Niedersachsen - Osnabrück - Dissen am Teutoburger Wald
7%
11.766 Nordrhein-Westfalen Arnsberg Olpe - Drolshagen
7%
8.536 Brandenburg - Elbe-Elster - Doberlug-Kirchhain
5%
8.301 Baden-Württemberg Karlsruhe Freudenstadt - Dornstetten
5%
7.228 Bayern Unterfranken Kitzingen - Dettelbach
4%
6.257 Bayern Oberpfalz Neumarkt in der Oberpfalz - Dietfurt an der Altmühl
4%
12.343 Thüringen - Eichsfeld - Dingelstädt
4%
6.238 Baden-Württemberg Freiburg Rottweil - Dornhan
4%
10.927 Baden-Württemberg Stuttgart Göppingen - Donzdorf
3%
4.371 Mecklenburg-Vorpommern - Mecklenburgische Seenplatte - Dargun
1%
4.038 Mecklenburg-Vorpommern - Nordwestmecklenburg Schöneberger Land Dassow
1%
7.003 Baden-Württemberg Tübingen Alb-Donau-Kreis - Dietenheim
1%
5.534 Brandenburg - Spree-Neiße - Drebkau
1%
Keine übereinstimmenden Quizze gefunden
Verteilung der Resultate
Anzahl Personen mit jedem Resultat
Perzentil nach korrekt beantworteten Fragen
Ihre Resultats-Entwicklung
Sie haben dieses Quiz noch nicht gespielt